L'EFFICACITE ECONOMIQUE DE L'UTILISATION DU HARICOT MUNGO DANS L'ALIMENT CONCENTRE SURLA CROISSANCE DES PORCS CHARCUTIERS AU DISTRICT DE SAANG DE LA PROVINCE DE KANDAL. (Record no. 1588)

000 -LEADER
fixed length control field 00528nam a22001577a 4500
003 - CONTROL NUMBER IDENTIFIER
control field OSt
005 - DATE AND TIME OF LATEST TRANSACTION
control field 20151001144145.0
008 - FIXED-LENGTH DATA ELEMENTS--GENERAL INFORMATION
fixed length control field 151001b xxu||||| |||| 00| 0 eng d
040 ## - CATALOGING SOURCE
Transcribing agency RUA
082 ## - DEWEY DECIMAL CLASSIFICATION NUMBER
Classification number AGR DIT 2002 B062 Or.1
100 ## - MAIN ENTRY--PERSONAL NAME
9 (RLIN) 1686
Personal name DITH, SIDETH.
245 ## - TITLE STATEMENT
Title L'EFFICACITE ECONOMIQUE DE L'UTILISATION DU HARICOT MUNGO DANS L'ALIMENT CONCENTRE SURLA CROISSANCE DES PORCS CHARCUTIERS AU DISTRICT DE SAANG DE LA PROVINCE DE KANDAL.
260 ## - PUBLICATION, DISTRIBUTION, ETC. (IMPRINT)
Place of publication, distribution, etc. PHNOM PHEN
Name of publisher, distributor, etc. RUA
Date of publication, distribution, etc. 2002
300 ## - PHYSICAL DESCRIPTION
Extent 41p.
Other physical details ill.
Dimensions 29cm.
942 ## - ADDED ENTRY ELEMENTS (KOHA)
Source of classification or shelving scheme
Koha item type AGR
Holdings
Price effective from Date last seen Permanent Location Not for loan Date acquired Source of classification or shelving scheme Koha item type Barcode Lost status Damaged status Shelving location Withdrawn status Current Location Full call number
2015-10-012015-10-01Library Block B 2015-10-01 AGRrua003274  B062 Library Block BAGR DIT 2002 B062 Or.1
មជ្ឈមណ្ឌលឯការនៃសាកលវិទ្យាល័យភូមិន្ទកសិកម្មចំការដូង

Powered by Koha